000 00506nam a2200181Ia 4500
005 20250508153205.0
008 008 250505s9999 xx 000 0 eng d
037 _aTextual
040 _aFEDL
_beng
_cFEDL
041 _aeng
_2eng
084 _a797.2, WAT
_qFEDL
100 _aWaterman Frank
_9763365
245 0 _aTeach yourself swimming
260 _aLondon, UK
_b The English Universities Press Ltd.
_c1958
300 _a160p
942 _cTEXL
_h797.2, WAT
999 _c1341144
_d1341144